000 00496nam a2200193Ia 4500
005 20250508151408.0
008 008 250505s9999 xx 000 0 eng d
037 _aTextual
040 _aFEDL
_beng
_cFEDL
041 _aeng
_2eng
084 _a954, NIV
_qFEDL
100 _aNivedita
245 0 _aCivic and national ideals
250 _a3rd
260 _aCalcutta, India
_bUdbodhan Office
_c1929
300 _a125p.
942 _cTEXL
_h954, NIV
999 _c1329504
_d1329504